[Event "POR-chT 1st Divison 2018"]
[Site "Maia"]
[Date "2018.07.22"]
[Round "9"]
[White "Turcer, Dusan"]
[Black "Cavaleiro, Daniel Filipe Costa"]
[Result "1/2-1/2"]
[WhiteElo "2039"]
[BlackElo "1987"]
[Annotator "NA"]
[PlyCount "90"]
[EventDate "2018.07.16"]
[EventType "team-tourn"]
[EventCountry "POR"]
[SourceTitle "playchess.com"]
[Source "ChessBase"]
[SourceQuality "1"]
[TimeControl "5400+30"]

1. d4 {[%emt 0:00:00]} Nf6 {[%emt 0:00:36]} 2. Nf3 {[%emt 0:00:00]} e6 {[%emt 0:00:13]} 3. c4 {[%emt 0:00:17]} b6 {[%emt 0:00:12]} 4. g3 {[%emt 0:00:06]} Bb7 {[%emt 0:00:08]} 5. Bg2 {[%emt 0:00:06]} Be7 {[%emt 0:00:06]} 6. O-O {[%emt 0:00:08]} O-O {[%emt 0:00:07]} 7. Nc3 {[%emt 0:00:24]} d5 {[%emt 0:00:14]} 8. Ne5 {[%emt 0:01:28]} c6 {[%emt 0:01:59]} 9. Bf4 {[%emt 0:07:08]} Nbd7 {[%emt 0:09:18]} 10. b3 $11 {[%emt 0:01:41] LiveBook: 5 Games} Nxe5 {[%emt 0:06:39]} 11. Bxe5 {[%emt 0:00:41]} Ng4 {[%emt 0:02:22]} 12. Bf4 {[%emt 0:00:04]} Bg5 {[%emt 0:02:29]} 13. e4 {[%emt 0:08:35]} Bxf4 {[%emt 0:02:11]} 14. Qxg4 {[%emt 0:08:46]} Bd2 {[%emt 0:04:57]} 15. Nb1 {[%emt 0:00:21]} Bh6 {[%emt 0:00:18]} 16. Rd1 {[%emt 0:05:39]} b5 {[%emt 0:14:06]} 17. Qe2 {[%emt 0:07:02]} bxc4 {[%emt 0:03:13]} 18. bxc4 {[%emt 0:04:52]} Ba6 {[%emt 0:00:22]} 19. Na3 {[%emt 0:00:09]} Qa5 {[%emt 0:05:39]} 20. Qd3 {[%emt 0:00:41]} Rab8 {[%emt 0:02:16]} 21. f4 {[%emt 0:04:12]} Rb2 {[%emt 0:08:30]} 22. e5 {[%emt 0:06:30]} c5 {[%emt 0:02:48]} 23. Rdb1 {[%emt 0:07:31]} Rd2 {[%emt 0:08:59]} 24. Qb3 {[%emt 0:00:18]} dxc4 {[%emt 0:00:36]} 25. Nxc4 {[%emt 0:00:02]} Bxc4 {[%emt 0:00:12]} 26. Qxc4 {[%emt 0:00:02]} cxd4 {[%emt 0:06:20]} 27. Rd1 {[%emt 0:08:52]} Qc3 {[%emt 0:01:17]} 28. Qxc3 {[%emt 0:03:13]} dxc3 {[%emt 0:00:07]} 29. Rxd2 {[%emt 0:00:09]} cxd2 {[%emt 0:00:07]} 30. h4 {[%emt 0:00:06]} Rc8 {[%emt 0:01:28]} 31. Rd1 {[%emt 0:00:03]} Rc1 {[%emt 0:01:17]} 32. Bf3 {[%emt 0:00:02]} f6 {[%emt 0:00:14]} 33. exf6 {[%emt 0:00:43]} gxf6 {[%emt 0:00:10]} 34. Kf2 {[%emt 0:00:24]} Rxd1 {[%emt 0:00:03]} 35. Bxd1 {[%emt 0:00:05]} e5 {[%emt 0:00:23]} 36. fxe5 {[%emt 0:00:40]} fxe5 {[%emt 0:00:10]} 37. Kf3 {[%emt 0:01:10]} Kf7 {[%emt 0:01:51]} 38. Ke4 {[%emt 0:00:17]} Kf6 {[%emt 0:02:23]} 39. Bg4 {[%emt 0:01:05]} Bf8 {[%emt 0:00:37]} 40. Bd1 {[%emt 0:00:35]} h6 {[%emt 0:00:31]} 41. Bg4 {[%emt 0:00:07]} Bb4 {[%emt 0:01:41]} 42. Bd1 {[%emt 0:00:08]} Ba5 {[%emt 0:00:46]} 43. g4 {[%emt 0:00:23]} Bc3 {[%emt 0:01:11]} 44. Kd3 {[%emt 0:00:27]} Bb4 {[%emt 0:00:54]} 45. Ke4 {[%emt 0:00:08]} Bd6 {[%emt 0:00:16] Kxe5+ Kxe5} 1/2-1/2